000 00583nam a2200205Ia 4500
005 20250923145111.0
008 008 250917s9999 xx 000 0 eng d
037 _aTextual
040 _aDSWL
_beng
_cDSWL
041 _aeng
_2eng
084 _aY31:7:7.1, N67
_qDSWL
100 _aHalpern, J.M.
_9831791
245 0 _aChanging village community
_cby J.M. Halpern
260 _aEnglewood
_bCliffs Prentice Hall Inc.
_c1967
300 _a92 p.
365 _aINR
_b2.5
925 _g2.5
942 _cTEXL
_hY31:7:7.1, N67
999 _c1447088
_d1447088